Soft Power Quizz - Statistics

General Stats
  • This quiz has been taken 37 times
  • The average score is 24 of 30
Answer Stats
Rank Answer % Correct
5 United States
100%
7 Canada
96%
1 France
96%
2 United Kingdom
96%
27 China
93%
15 Finland
93%
8 Japan
93%
22 Portugal
93%
30 Russia
93%
3 Germany
89%
13 Spain
89%
12 Norway
85%
4 Sweden
85%
6 Switzerland
85%
9 Australia
78%
18 Belgium
78%
26 Brazil
78%
14 Denmark
78%
25 Greece
78%
11 Italy
78%
23 Poland
78%
19 South Korea
78%
16 Austria
70%
17 New Zealand
70%
20 Ireland
67%
10 Netherlands
67%
29 Turkey
67%
24 Czech Republic
63%
21 Singapore
56%
28 Hungary
52%
No matching quizzes found
Score Distribution
Percent of People with Each Score
Percentile by Number Answered
Your Score History
You have not taken this quiz